00678cam a22002051 4500001001300000003000400013005001700017008004100034010001700075035001900092040001800111042001200129050001400141100003200155245013400187260004100321300006000362651003300422999001700455rc 01003310 DLC20260227111909.0750530s1878 xx 000 0 eng  arc 01003310  a(OCoLC)1362940 aDLCcCtUdDLC apremarc00aF104b.T71 aOrcutt, Samuel,d1824-1893.00aHistory of Torrington, Connecticut,bfrom its first settlement in 1737, with biographies and genealogies.cBy Rev. Samuel Orcutt. aAlbany,bJ. Munsell, printer,c1878. avii, [1] 817 p.cfront., illus., plates, ports.c24 cm. 0aTorrington (Conn.)xHistory. c52544d52544